[Event "C.to Mondiale U12"]
[Site "Cannes FRA"]
[Date "1997.12.09"]
[Round "2"]
[White "Meszaros, Tamas"]
[Black "Pulito, Alberto"]
[Result "0-1"]
[WhiteElo "2115"]
[BlackElo "1741"]
[PlyCount "114"]
[EventDate "1997.12.08"]

1. e4 e6 2. d4 d5 3. e5 c5 4. c3 Nc6 5. Be3 Qb6 6. Qd2 cxd4 7. cxd4 Bd7 8. Nf3
Rc8 9. Nc3 Na5 10. Bd3 Ne7 11. O-O Nc4 12. Bxc4 Rxc4 13. Rac1 Nf5 14. b3 Rc7
15. Ne1 Ba3 16. Rc2 O-O 17. Nd3 Rfc8 18. Nf4 Qa6 19. Rb1 b6 20. h3 Qb7 21. Qd3
b5 22. Bc1 Be7 23. a3 a5 24. g4 b4 25. axb4 axb4 26. gxf5 Rxc3 27. Rxc3 Rxc3
28. Qd1 exf5 29. Bd2 Rc8 30. Qe1 Be6 31. Nd3 Qb6 32. Qe3 h6 33. Ra1 Bg5 34. f4
Be7 35. Kh2 Kh7 36. Rg1 Rc2 37. Kg3 Bc8 38. Rc1 Qg6+ 39. Kh2 Rxc1 40. Bxc1 Qa6
41. Bd2 Qb5 42. Nc5 Be6 43. Qd3 Qb6 44. Qc2 Bh4 45. Qd3 Qa5 46. Kg2 Qa2 47. Kf3
g5 48. Na6 gxf4 49. Nxb4 Qb2 50. Nc2 Qb1 51. Kg2 Qd1 52. Kh2 Bf2 53. Kg2 Qg1+
54. Kf3 Qg3+ 55. Ke2 Qxd3+ 56. Kxd3 f3 57. b4 Bd7 0-1

[Event "C.to Mondiale U12"]
[Site "Cannes FRA"]
[Date "1997.12.14"]
[Round "7"]
[White "Pulito, Alberto"]
[Black "Buckley, Simon T."]
[Result "1/2-1/2"]
[WhiteElo "1741"]
[BlackElo "2105"]
[PlyCount "56"]
[EventDate "1997.12.08"]

1. e4 c5 2. c3 Nf6 3. e5 Nd5 4. d4 cxd4 5. Nf3 e6 6. cxd4 Nc6 7. Nc3 Nxc3 8.
bxc3 d6 9. exd6 Qxd6 10. Bd3 Be7 11. O-O O-O 12. Re1 b6 13. a4 Qd8 14. Bf4 Bb7
15. Ne5 Nxe5 16. Bxe5 Bf6 17. Qh5 g6 18. Qg4 Rc8 19. Rac1 Bxe5 20. Rxe5 Qf6 21.
h4 Rfd8 22. h5 Rd5 23. Rxd5 Bxd5 24. hxg6 hxg6 25. c4 Bc6 26. Bc2 Bd7 27. Bb3
Rd8 28. Qe4 Be8 1/2-1/2

[Event "C.to Mondiale U12"]
[Site "Cannes FRA"]
[Date "1997.12.15"]
[Round "8"]
[White "Llobel Cortell, Enrique"]
[Black "Pulito, Alberto"]
[Result "1-0"]
[WhiteElo "2140"]
[BlackElo "1741"]
[PlyCount "107"]
[EventDate "1997.12.08"]

1. e4 e6 2. d4 d5 3. exd5 exd5 4. Nf3 Bd6 5. c4 Nf6 6. Nc3 c6 7. Bg5 dxc4 8.
Bxc4 O-O 9. O-O h6 10. Bh4 Bf5 11. Re1 Nbd7 12. Ne5 Qc7 13. Qf3 Bh7 14. Nxd7
Nxd7 15. Be7 Bxh2+ 16. Kh1 Bd6 17. Bxf8 Rxf8 18. Rac1 Qb6 19. Bb3 Qxd4 20. Rcd1
Qb4 21. Ne4 Ne5 22. Qc3 Qxc3 23. bxc3 Bc7 24. Nc5 Ng4 25. Re2 Bb6 26. Nd7 Nxf2+
27. Rxf2 Bxf2 28. Nxf8 Kxf8 29. Rf1 Bb6 30. Rxf7+ Ke8 31. Rxg7 Be4 32. Rxb7 c5
33. Rb8+ Kd7 34. Rh8 Ba5 35. Rxh6 Bxc3 36. Ra6 Kc7 37. Rxa7+ Kb6 38. Re7 Bb1
39. Bc4 Bc2 40. Bd5 Kb5 41. Rb7+ Ka6 42. g4 Bd1 43. g5 Bc2 44. Kg2 Bg6 45. Kf3
Bd4 46. Rb8 Ka5 47. Bc4 Bh7 48. a3 Bc2 49. g6 Bc3 50. Rb7 Bf5 51. g7 Bxg7 52.
Rxg7 Bc8 53. Rc7 Bh3 54. Kg3 1-0

[Event "C.to Mondiale U14"]
[Site "Cannes FRA"]
[Date "1997.12.11"]
[Round "4"]
[White "Rainfray, Arnaud"]
[Black "Costantini, Roberto"]
[Result "0-1"]
[WhiteElo "2210"]
[BlackElo "1927"]
[PlyCount "52"]
[EventDate "1997.12.08"]

1. e4 c5 2. c3 Nf6 3. e5 Nd5 4. d4 cxd4 5. Nf3 d6 6. Bc4 dxe5 7. Nxe5 e6 8.
cxd4 Be7 9. O-O Nd7 10. Nd2 O-O 11. Ndf3 Nxe5 12. dxe5 b6 13. Qe2 Bb7 14. Rd1
Qc7 15. a3 Rfd8 16. Rd4 Rac8 17. Bd3 Qxc1+ 18. Rxc1 Rxc1+ 19. Ne1 Nf4 20. Bxh7+
Kh8 21. Rxd8+ Bxd8 22. Qe3 Bg5 23. Bc2 Kg8 24. h4 Nh3+ 25. Qxh3 Rxe1+ 26. Kh2
Bf4+ 0-1

[Event "C.to Mondiale U14"]
[Site "Cannes FRA"]
[Date "1997.12.12"]
[Round "5"]
[White "Costantini, Roberto"]
[Black "Mont-Reynaud, Jordy"]
[Result "0-1"]
[WhiteElo "1927"]
[BlackElo "2120"]
[PlyCount "90"]
[EventDate "1997.12.08"]

1. e4 c5 2. Nf3 Nc6 3. d4 cxd4 4. Nxd4 g6 5. c4 Nf6 6. Nc3 d6 7. Be3 Ng4 8. Bc1
Qb6 9. Be3 Nxe3 10. fxe3 Bh6 11. Nd5 Qd8 12. Qd2 O-O 13. Be2 e6 14. Nc3 Nxd4
15. Qxd4 Qg5 16. O-O-O Bd7 17. Kb1 Bc6 18. h4 Qxg2 19. Qd3 Qf2 20. Rh3 Bg7 21.
Rdh1 Bxc3 22. bxc3 f5 23. Bf3 Qxf3 24. Rxf3 Bxe4 25. Qxe4 fxe4 26. Rxf8+ Kxf8
27. Rd1 Ke7 28. Rd4 e5 29. Rxe4 Kf6 30. Rg4 h5 31. Rg2 Rc8 32. Rd2 Ke6 33. Rg2
Kf5 34. Kc2 Rxc4 35. Rh2 d5 36. Kd3 Ra4 37. e4+ Rxe4 38. Rh1 Rf4 39. Rh2 Rf3+
40. Kc2 Kg4 41. Rd2 Kxh4 42. Rxd5 Rf7 43. Rxe5 g5 44. Re1 g4 45. Rh1+ Kg5 0-1

[Event "C.to Mondiale U14"]
[Site "Cannes FRA"]
[Date "1997.12.13"]
[Round "6"]
[White "De Bortoli, Peter"]
[Black "Vamos, Viktor"]
[Result "0-1"]
[WhiteElo "2085"]
[BlackElo "2245"]
[PlyCount "56"]
[EventDate "1997.12.08"]

1. e4 c5 2. Nf3 d6 3. d4 cxd4 4. Nxd4 Nf6 5. Nc3 g6 6. Bg5 Bg7 7. Bb5+ Nbd7 8.
a4 O-O 9. O-O a6 10. Bc4 Qc7 11. Bb3 Nc5 12. Bxf6 exf6 13. Nd5 Qd8 14. Re1 Re8
15. Nc3 Nxb3 16. Nxb3 f5 17. exf5 Rxe1+ 18. Qxe1 Bxf5 19. Qd2 Rc8 20. Nd4 Qb6
21. Nxf5 gxf5 22. Nd5 Qxb2 23. Re1 Qxc2 24. Qg5 Kh8 25. h4 Bd4 26. Rf1 Rg8 27.
Qh6 Qe4 28. Nf4 Bg7 0-1

[Event "C.to Mondiale U14"]
[Site "Cannes FRA"]
[Date "1997.12.13"]
[Round "6"]
[White "Pinter, Gabor"]
[Black "Costantini, Roberto"]
[Result "1/2-1/2"]
[WhiteElo "2155"]
[BlackElo "1927"]
[PlyCount "83"]
[EventDate "1997.12.08"]

1. e4 c5 2. Nf3 d6 3. d4 cxd4 4. Nxd4 Nf6 5. Nc3 a6 6. Bg5 e6 7. f4 Be7 8. Qf3
Qa5 9. O-O-O Bd7 10. Bd3 Nc6 11. Nb3 Qc7 12. Rhe1 h6 13. Bh4 Nxe4 14. Rxe4 Bxh4
15. Qg4 Bf6 16. Nd5 Qd8 17. Bf1 O-O 18. Nxf6+ Qxf6 19. Rxd6 Rad8 20. Re1 Bc8
21. Rxd8 Rxd8 22. Qf3 Rd6 23. c3 Qd8 24. Qe3 Ne7 25. Nd4 Nd5 26. Qe5 Nf6 27.
Kb1 b5 28. a3 Bb7 29. Qe3 Qb6 30. g3 a5 31. Kc1 Nd5 32. Qe5 b4 33. axb4 axb4
34. c4 f6 35. Qh5 Nxf4 36. Qe8+ Kh7 37. Nc2 b3 38. gxf4 bxc2 39. Rxe6 Rxe6 40.
Bd3+ f5 41. Bxf5+ Rg6 42. Kxc2 1/2-1/2

[Event "C.to Mondiale U14"]
[Site "Cannes FRA"]
[Date "1997.12.14"]
[Round "7"]
[White "Costantini, Roberto"]
[Black "Gashimov, Sarkhan"]
[Result "1/2-1/2"]
[WhiteElo "1927"]
[BlackElo "2215"]
[PlyCount "91"]
[EventDate "1997.12.08"]

1. e4 c5 2. Nf3 d6 3. d4 cxd4 4. Nxd4 Nf6 5. Nc3 a6 6. Be2 e6 7. O-O Be7 8. f4
O-O 9. Be3 Nc6 10. Qe1 Qc7 11. Rd1 Nxd4 12. Bxd4 e5 13. Be3 exf4 14. Rxf4 Be6
15. Kh1 Nd7 16. Bd4 Ne5 17. Qg3 b5 18. Bd3 Rfe8 19. Nd5 Bxd5 20. exd5 Bf8 21.
Bc3 Re7 22. Rdf1 Rae8 23. Qh3 g6 24. Rh4 f5 25. a4 Qb7 26. axb5 axb5 27. Rb4
Qxd5 28. Bxb5 Rc8 29. Ba4 Qa8 30. Bb3+ Kh8 31. Ra4 Ra7 32. Rxa7 Qxa7 33. Qh4
Bg7 34. Qb4 Rc6 35. h3 h6 36. Rd1 Qc7 37. Qf4 Kh7 38. Ra1 Rxc3 39. bxc3 Qxc3
40. Rd1 h5 41. Qh4 Nc6 42. Qg5 Bf6 43. Qf4 Be5 44. Qg5 Bf6 45. Qf4 Be5 46. Qg5
1/2-1/2

[Event "Weekend A"]
[Site "Furci Siculo ITA"]
[Date "1997.12.06"]
[Round "1"]
[White "Alaimo, Riccardo"]
[Black "Licciardello, Salvatore"]
[Result "1-0"]
[WhiteElo "2068"]
[BlackElo "1842"]
[PlyCount "37"]
[EventDate "1997.12.06"]

1. e4 g6 2. d4 Bg7 3. Nc3 c6 4. Bc4 d6 5. Qe2 Qc7 6. Nf3 e5 7. dxe5 dxe5 8. Be3
Nf6 9. Ng5 Be6 10. Bxe6 fxe6 11. Nxe6 Qe7 12. Qc4 Na6 13. Bg5 Bf8 14. f4 h6 15.
fxe5 hxg5 16. exf6 Qxf6 17. Rf1 Qe5 18. O-O-O Bb4 19. Nc7+ 1-0

[Event "I Weekend"]
[Site "Castelfidardo ITA"]
[Date "1997.12.??"]
[Round "?"]
[White "Possanzini, Lorenzo"]
[Black "Palmizi, Alessandro"]
[Result "0-1"]
[WhiteElo "1576"]
[BlackElo "1660"]
[PlyCount "102"]
[EventDate "1997.12.06"]

1. g3 d5 2. Bg2 e5 3. d3 Be6 4. f4 Bd6 5. Nf3 e4 6. Ng5 exd3 7. Nxe6 fxe6 8.
exd3 Nf6 9. O-O O-O 10. Kh1 Qe8 11. Re1 Rf7 12. Nd2 Re7 13. Nf3 Nbd7 14. Ne5 c6
15. b3 Bb4 16. Bd2 Bc5 17. c3 Nxe5 18. fxe5 Nd7 19. d4 Bb6 20. Qg4 Qg6 21. Qxg6
hxg6 22. Rf1 Rf8 23. Bg5 Rxf1+ 24. Rxf1 Rf7 25. Rxf7 Kxf7 26. b4 a5 27. a3 axb4
28. axb4 Ba7 29. Bd8 b6 30. Bc7 c5 31. Bf1 c4 32. Kg2 Bb8 33. Bd8 b5 34. Be2
Nxe5 35. dxe5 Bxe5 36. Bb6 Bxc3 37. Bc5 e5 38. Kf1 e4 39. Bd1 d4 40. Ke2 Ke6
41. Bf8 Kf5 42. h3 Kf6 43. Bc5 Ke5 44. Bf8 Kd5 45. Bc5 d3+ 46. Ke3 Be5 47. g4
g5 48. Kf2 Bd4+ 49. Bxd4 Kxd4 50. Ke1 e3 51. Bf3 Kc3 0-1

[Event "I Weekend"]
[Site "Castelfidardo ITA"]
[Date "1997.12.06"]
[Round "1"]
[White "Briffault, Philippe"]
[Black "Fioravanti, Emidio"]
[Result "1-0"]
[WhiteElo "1735"]
[BlackElo "1837"]
[PlyCount "115"]
[EventDate "1997.12.06"]

1. d4 d5 2. c4 c6 3. Nc3 Nf6 4. Nf3 dxc4 5. a4 Bf5 6. Bg5 Nbd7 7. e3 Qa5 8.
Bxc4 e6 9. O-O Bg4 10. Bf4 Bb4 11. Qb3 O-O 12. Ne5 Nxe5 13. Bxe5 Bxc3 14. bxc3
b6 15. f3 Bh5 16. g4 Bg6 17. h4 h6 18. Bd6 Nd5 19. Bb4 Nxb4 20. cxb4 Bc2 21.
bxa5 Bxb3 22. Bxb3 bxa5 23. Rfc1 Rab8 24. Rab1 Rb6 25. Bd1 Rc8 26. Rxb6 axb6
27. Be2 Kf8 28. e4 Ke7 29. Kf2 f6 30. d5 exd5 31. exd5 c5 32. h5 Kd6 33. Bc4
Ke5 34. Ke3 f5 35. f4+ Kf6 36. gxf5 Kxf5 37. Rg1 Re8+ 38. Kf3 Kf6 39. Rg6+ Kf7
40. d6+ Kf8 41. Re6 Rd8 42. Ke4 g6 43. Rf6+ Kg7 44. Rxg6+ Kh7 45. Re6 b5 46.
Bxb5 c4 47. Re7+ Kh8 48. Re8+ Rxe8+ 49. Bxe8 c3 50. Kd3 Kg7 51. Kxc3 Kf8 52. d7
Ke7 53. Kd4 Kd8 54. Kd5 Ke7 55. f5 Kd8 56. f6 Kc7 57. f7 Kd8 58. f8=Q 1-0

[Event "I Weekend"]
[Site "Castelfidardo ITA"]
[Date "1997.12.06"]
[Round "1"]
[White "Fioravanti, Diego"]
[Black "Possanzini, Lorenzo"]
[Result "1/2-1/2"]
[WhiteElo "1528"]
[BlackElo "1576"]
[PlyCount "82"]
[EventDate "1997.12.06"]

1. c4 Nf6 2. Nc3 g6 3. d4 Bg7 4. Nf3 d6 5. e3 O-O 6. Bd2 Bf5 7. Be2 Na6 8. a3
c5 9. d5 Ne4 10. O-O Nxd2 11. Qxd2 Rb8 12. Rfe1 Qb6 13. Nh4 Bd7 14. h3 f5 15.
f4 Qb3 16. Rac1 Nc7 17. Qc2 Qxc2 18. Rxc2 a5 19. Nf3 b5 20. Rb1 b4 21. axb4
axb4 22. Nd1 Ne8 23. Nf2 Nf6 24. Ra1 Ra8 25. Rb1 Ra2 26. Ne1 Rfa8 27. Kh2 Ra1
28. Rxa1 Rxa1 29. Ned3 Rb1 30. Rc1 Rxc1 31. Nxc1 e6 32. dxe6 Bxe6 33. b3 d5 34.
cxd5 Bxd5 35. g4 Ne4 36. Nxe4 Bxe4 37. Bc4+ Kf8 38. Nd3 Bxd3 39. Bxd3 fxg4 40.
hxg4 Bc3 41. Kg3 Kg7 1/2-1/2

[Event "I Weekend"]
[Site "Castelfidardo ITA"]
[Date "1997.12.06"]
[Round "1"]
[White "Genga, Secondo"]
[Black "Negri, Jacopo"]
[Result "1-0"]
[WhiteElo "1719"]
[BlackElo "1606"]
[PlyCount "53"]
[EventDate "1997.12.06"]

1. d4 e6 2. c4 d5 3. Nc3 c5 4. cxd5 exd5 5. Nf3 Nc6 6. g3 Nf6 7. Bg2 Be7 8. O-O
O-O 9. Bg5 h6 10. Bxf6 Bxf6 11. dxc5 Bxc3 12. bxc3 Qa5 13. Qxd5 Rd8 14. Qb3
Qxc5 15. Rfd1 Rb8 16. Rxd8+ Nxd8 17. Nd4 Bd7 18. Qd5 Qxc3 19. Rb1 Bc6 20. Qd6
Rc8 21. Nxc6 Nxc6 22. Rxb7 Nd4 23. Qe7 Qa1+ 24. Bf1 Qxa2 25. Rxa7 Qd5 26. Rd7
Qe6 27. Rd8+ 1-0

[Event "I Weekend"]
[Site "Castelfidardo ITA"]
[Date "1997.12.06"]
[Round "1"]
[White "Giobbi, Costantino"]
[Black "Rotoni, Matteo"]
[Result "1/2-1/2"]
[WhiteElo "1728"]
[BlackElo "1744"]
[PlyCount "42"]
[EventDate "1997.12.06"]

1. d4 Nf6 2. Nf3 c5 3. c3 e6 4. Bg5 Qb6 5. Qb3 Qxb3 6. axb3 Ne4 7. Bf4 Nc6 8.
e3 b6 9. Bd3 f5 10. Na3 d6 11. Nc4 Bb7 12. Bxe4 fxe4 13. Ng5 d5 14. Nd2 Kd7 15.
Nf7 Rg8 16. Ne5+ Nxe5 17. Bxe5 Bd6 18. Bxd6 Kxd6 19. O-O cxd4 20. exd4 a5 21.
Rfe1 Raf8 1/2-1/2

[Event "I Weekend"]
[Site "Castelfidardo ITA"]
[Date "1997.12.06"]
[Round "1"]
[White "Profili, Bruno"]
[Black "Guglielmi, Dante"]
[Result "1/2-1/2"]
[WhiteElo "1594"]
[BlackElo "1834"]
[PlyCount "61"]
[EventDate "1997.12.06"]

1. d4 d5 2. e4 dxe4 3. Nc3 Nf6 4. f3 exf3 5. Qxf3 c6 6. Be3 g6 7. Bd3 Bg7 8.
Nge2 O-O 9. O-O-O Nd5 10. Bd2 Nb4 11. Be3 Nxd3+ 12. Rxd3 Bf5 13. Ne4 Qa5 14.
Ra3 Qb6 15. Nc5 Qc7 16. g4 Bc8 17. h4 b6 18. Nd3 f5 19. g5 Bb7 20. Qh3 c5 21.
Rh2 Nd7 22. h5 e5 23. hxg6 hxg6 24. Ndf4 exf4 25. Nxf4 Qd6 26. dxc5 Nxc5 27. b4
Ne4 28. Rd3 Qxb4 29. Qh7+ Kf7 30. Qxg6+ Kg8 31. Qh7+ 1/2-1/2

[Event "I Weekend"]
[Site "Castelfidardo ITA"]
[Date "1997.12.06"]
[Round "1"]
[White "Rinaudo, Andrea"]
[Black "Nagni, Marco"]
[Result "1-0"]
[WhiteElo "1624"]
[BlackElo "1579"]
[PlyCount "77"]
[EventDate "1997.12.06"]

1. e4 e5 2. Nf3 Nf6 3. Nc3 Nc6 4. Bb5 Bb4 5. O-O O-O 6. d3 Re8 7. Bg5 Be7 8.
Bxc6 bxc6 9. Nxe5 Nxe4 10. Bxe7 Nxc3 11. Bxd8 Nxd1 12. Bxc7 Nxb2 13. a4 Ba6 14.
f4 f6 15. Nf3 Re2 16. Nd4 Rd2 17. Ba5 Bxd3 18. Bxd2 Bxf1 19. Kxf1 Nc4 20. Nb3
Rb8 21. Ke2 d5 22. Kd3 Nd6 23. Be3 Rb7 24. g4 Kf7 25. Na5 Rc7 26. Kd4 g6 27. f5
Ne4 28. Bf4 Rc8 29. Rb1 c5+ 30. Ke3 gxf5 31. gxf5 Nc3 32. Rb7+ Kg8 33. Rxa7
Re8+ 34. Kd2 d4 35. Nc6 Re2+ 36. Kd3 Rf2 37. Bh6 Nd5 38. Ra8+ Kf7 39. Rf8# 1-0

[Event "I Weekend"]
[Site "Castelfidardo ITA"]
[Date "1997.12.06"]
[Round "1"]
[White "Zagaglia, Alessandro"]
[Black "Palmizi, Alessandro"]
[Result "1/2-1/2"]
[WhiteElo "1537"]
[BlackElo "1660"]
[PlyCount "82"]
[EventDate "1997.12.06"]

1. e4 g6 2. d4 d6 3. Nc3 Bg7 4. Be2 Nd7 5. Bg5 h6 6. Be3 a6 7. Qd2 e6 8. O-O-O
Ne7 9. f4 b6 10. g4 Bb7 11. Bf3 Qc8 12. e5 d5 13. Kb1 b5 14. Nge2 Nb6 15. Ng3
Qd7 16. g5 Bc6 17. Qc1 hxg5 18. fxg5 Bf8 19. h4 O-O-O 20. h5 Kb7 21. h6 Ra8 22.
Nce2 a5 23. Nf4 Nec8 24. Nd3 Qe8 25. b3 Be7 26. Rh2 Nd7 27. Qb2 Qd8 28. Qc1
Ncb6 29. Rg2 Qf8 30. c3 a4 31. b4 Nc4 32. Nf1 a3 33. Bf4 Ndb6 34. Nd2 Nxd2+ 35.
Bxd2 Nc4 36. Bf4 Ra4 37. Qc2 Bd7 38. Bc1 c6 39. Ne1 Kb6 40. Rg1 Kb7 41. Ng2 Qd8
1/2-1/2

[Event "I Weekend"]
[Site "Castelfidardo ITA"]
[Date "1997.12.07"]
[Round "2"]
[White "Buratti, Ettore"]
[Black "Nagni, Marco"]
[Result "0-1"]
[WhiteElo "1600"]
[BlackElo "1579"]
[PlyCount "144"]
[EventDate "1997.12.06"]

1. e4 e5 2. Nf3 Nf6 3. Nc3 Nc6 4. Bb5 Bb4 5. d3 O-O 6. O-O d6 7. h3 Ne7 8. Bg5
Bxc3 9. bxc3 Ng6 10. Qd2 h6 11. Be3 d5 12. exd5 Nxd5 13. Bc4 c6 14. Bxd5 cxd5
15. Bxh6 Qf6 16. Bg5 Qf5 17. Be3 Qh5 18. Nh2 e4 19. Qd1 Qh4 20. f4 Bxh3 21. Qe1
Qxe1 22. Raxe1 Bf5 23. g4 Bd7 24. dxe4 dxe4 25. Bd4 Rfe8 26. Kf2 Nxf4 27. Kg3
Ng6 28. Rh1 Bc6 29. Nf1 Ne5 30. Ne3 Nf3 31. Rd1 b6 32. Nf5 Nxd4 33. Nxd4 Bb7
34. Rhe1 e3 35. Rd3 e2 36. Rxe2 Rxe2 37. Nxe2 Ba6 38. Re3 Bxe2 39. Rxe2 Kf8 40.
Rd2 Ke7 41. Kf4 Rd8 42. Rd3 Rd6 43. Re3+ Kd7 44. Rd3 Kc6 45. Ke3 f6 46. Ke4 g6
47. Ke3 Re6+ 48. Kd2 Rd6 49. Ke3 Kc5 50. Kd2 f5 51. gxf5 gxf5 52. Ke3 Re6+ 53.
Kf4 Re2 54. Kxf5 Rxc2 55. Rd7 a5 56. Ke4 Rxc3 57. Rc7+ Kb4 58. Rb7 b5 59. Kd4
Rc4+ 60. Kd3 Rc1 61. Rh7 Ka4 62. Rh4+ b4 63. Rh2 Ka3 64. Rh5 a4 65. Kd2 Rc4 66.
Kd3 Rc3+ 67. Kd2 Kxa2 68. Rh4 Kb3 69. Re4 a3 70. Re1 a2 71. Ra1 Kb2 72. Rxa2+
Kxa2 0-1

[Event "I Weekend"]
[Site "Castelfidardo ITA"]
[Date "1997.12.07"]
[Round "2"]
[White "Fioravanti, Emidio"]
[Black "Negri, Jacopo"]
[Result "1-0"]
[WhiteElo "1837"]
[BlackElo "1606"]
[PlyCount "85"]
[EventDate "1997.12.06"]

1. e4 e6 2. d4 d5 3. e5 c5 4. c3 Nc6 5. Nf3 Qb6 6. Bd3 cxd4 7. cxd4 Bd7 8. O-O
Nxd4 9. Nxd4 Qxd4 10. Nc3 a6 11. Qe2 Ne7 12. Kh1 Nc6 13. f4 Nb4 14. Bb1 Qc4 15.
Qd1 Bb5 16. Nxb5 Qxb5 17. a3 Nc6 18. Bd3 Qb6 19. b4 g6 20. Bb2 Bg7 21. Rf3 O-O
22. Rh3 h5 23. Qf3 Ne7 24. g4 hxg4 25. Qxg4 Nf5 26. Bxf5 exf5 27. Qh4 Rfd8 28.
Qh7+ Kf8 29. e6 d4 30. e7+ Kxe7 31. Qxg7 Qc6+ 32. Kg1 Qe4 33. Qe5+ Qxe5 34.
fxe5 Ke6 35. Rd3 Kxe5 36. Re1+ Kf6 37. Bxd4+ Kg5 38. Rg3+ Kh5 39. Bf6 Rd6 40.
Rh3+ Kg4 41. Rh4+ Kf3 42. Be5 g5 43. Rh3+ 1-0

[Event "I Weekend"]
[Site "Castelfidardo ITA"]
[Date "1997.12.07"]
[Round "2"]
[White "Genga, Secondo"]
[Black "Briffault, Philippe"]
[Result "1/2-1/2"]
[WhiteElo "1719"]
[BlackElo "1735"]
[PlyCount "45"]
[EventDate "1997.12.06"]

1. d4 Nf6 2. c4 g6 3. Nc3 Bg7 4. e4 d6 5. f3 O-O 6. Be3 e5 7. d5 Nh5 8. g3 f5
9. Qd2 Nd7 10. O-O-O Nhf6 11. Bd3 Nc5 12. Bc2 fxe4 13. Bxc5 dxc5 14. Nxe4 Nxe4
15. Bxe4 Rb8 16. Qa5 a6 17. Qxc5 b5 18. d6 cxd6 19. Qxd6 Qg5+ 20. f4 exf4 21.
Qxb8 fxg3+ 22. Rd2 Bh3 23. Nf3 1/2-1/2

[Event "I Weekend"]
[Site "Castelfidardo ITA"]
[Date "1997.12.07"]
[Round "2"]
[White "Guglielmi, Dante"]
[Black "Zagaglia, Alessandro"]
[Result "1/2-1/2"]
[WhiteElo "1834"]
[BlackElo "1537"]
[PlyCount "110"]
[EventDate "1997.12.06"]

1. c4 e5 2. Nc3 Nf6 3. g3 g6 4. Bg2 Bg7 5. e3 c6 6. Nge2 O-O 7. O-O d5 8. cxd5
Nxd5 9. Nxd5 cxd5 10. d4 e4 11. Nc3 Nc6 12. Qb3 Ne7 13. Bd2 Rb8 14. Rac1 Be6
15. Qa3 Ra8 16. Na4 b6 17. Rc2 Rc8 18. Rfc1 Rxc2 19. Rxc2 Re8 20. Nc3 Qd7 21.
Bf1 Ra8 22. Bb5 Qd8 23. Ba6 Bc8 24. Bxc8 Nxc8 25. Nb5 Bf8 26. Bb4 Bxb4 27. Qxb4
Ne7 28. Rc7 Kf8 29. Qd6 Qxd6 30. Nxd6 Rd8 31. Nb5 a6 32. Nc3 b5 33. a3 Ke8 34.
Ra7 Rd6 35. Na2 Nc8 36. Ra8 Kd7 37. Nb4 Kc7 38. Rxa6 Rxa6 39. Nxa6+ Kb6 40. Nb4
Ne7 41. Kg2 f5 42. f3 g5 43. f4 g4 44. h4 h5 45. b3 Ka5 46. Na2 Nc8 47. Nc3 Nb6
48. Kf2 b4 49. axb4+ Kxb4 50. Nb1 Kxb3 51. Nd2+ Kc3 52. Ke2 Kc2 53. Nf1 Nd7 54.
Nd2 Nf6 55. Nf1 Nd7 1/2-1/2

[Event "I Weekend"]
[Site "Castelfidardo ITA"]
[Date "1997.12.07"]
[Round "2"]
[White "Miandro, Roberto"]
[Black "Mircoli, Filippo"]
[Result "1-0"]
[WhiteElo "1726"]
[BlackElo "1561"]
[PlyCount "73"]
[EventDate "1997.12.06"]

1. c4 Nf6 2. Nf3 e6 3. b3 c5 4. Bb2 d5 5. e3 Be7 6. Be2 O-O 7. O-O Nc6 8. d4 b6
9. Nbd2 Bb7 10. Rc1 Rc8 11. Qc2 cxd4 12. Nxd4 dxc4 13. bxc4 Bc5 14. N2b3 Nb4
15. Qd1 Nd7 16. a3 Nc6 17. Bf3 Nde5 18. Bxc6 Nxc6 19. Nxc5 bxc5 20. Nxc6 Bxc6
21. Qg4 g6 22. Qf4 f6 23. Rfd1 Qe7 24. Bc3 e5 25. Qg4 Ba4 26. Rd5 Rcd8 27. Ba5
Rb8 28. Rd3 f5 29. Qe2 Rf6 30. Qd2 Re6 31. h3 Qe8 32. Rd6 Bc6 33. Rd1 Ba4 34.
Qd5 Bxd1 35. Rxe6 Qf7 36. Qxe5 Qg7 37. Qxb8+ 1-0

[Event "I Weekend"]
[Site "Castelfidardo ITA"]
[Date "1997.12.07"]
[Round "2"]
[White "Possanzini, Lorenzo"]
[Black "Palmizi, Alessandro"]
[Result "0-1"]
[WhiteElo "1576"]
[BlackElo "1660"]
[PlyCount "50"]
[EventDate "1997.12.06"]

1. Nf3 g6 2. g3 Bg7 3. Bg2 d5 4. O-O e5 5. d3 Nc6 6. Nbd2 f5 7. Nb3 Bf6 8. e3
Qd6 9. d4 e4 10. Nfd2 b6 11. Re1 a5 12. a4 Ba6 13. c3 h5 14. Bf1 h4 15. Bxa6
hxg3 16. fxg3 Rxa6 17. Qe2 Ra8 18. Nb1 Nh6 19. Na3 Ng4 20. Nb5 Qd8 21. h4 Bxh4
22. gxh4 Qxh4 23. Nxc7+ Kd7 24. Nc5+ Kxc7 25. Ne6+ Kd6 0-1

[Event "I Weekend"]
[Site "Castelfidardo ITA"]
[Date "1997.12.07"]
[Round "2"]
[White "Rotoni, Matteo"]
[Black "Profili, Bruno"]
[Result "0-1"]
[WhiteElo "1744"]
[BlackElo "1594"]
[PlyCount "78"]
[EventDate "1997.12.06"]

1. e4 Nf6 2. e5 Nd5 3. c4 Nb6 4. d4 d6 5. f4 dxe5 6. fxe5 Nc6 7. Be3 Bf5 8. Bd3
Bxd3 9. Qxd3 Nxe5 10. Qe2 Nexc4 11. Nf3 e6 12. O-O Nxe3 13. Qxe3 Be7 14. Nc3
Nd5 15. Qe2 O-O 16. Ne4 c6 17. Rad1 Qc7 18. Ne5 f6 19. Nf3 Rae8 20. Nc5 Bxc5
21. dxc5 e5 22. Nh4 g6 23. Rf3 Qe7 24. Rg3 Qxc5+ 25. Kh1 Nf4 26. Qg4 f5 27. Qf3
Qe7 28. Qb3+ Kh8 29. Nf3 Rd8 30. Re1 Nd3 31. Rf1 Rd5 32. Nh4 Qxh4 33. Rxd3 Rxd3
34. Qxd3 Qd4 35. Qb3 Rd8 36. Qxb7 Qd7 37. Qb3 e4 38. Qc3+ Kg8 39. Qf6 e3 0-1

[Event "I Weekend"]
[Site "Castelfidardo ITA"]
[Date "1997.12.07"]
[Round "3"]
[White "Fioravanti, Emidio"]
[Black "Guglielmi, Dante"]
[Result "1-0"]
[WhiteElo "1837"]
[BlackElo "1834"]
[PlyCount "92"]
[EventDate "1997.12.06"]

1. e4 c5 2. Nf3 d6 3. d4 cxd4 4. Nxd4 Nf6 5. Nc3 a6 6. Bc4 e6 7. Bb3 Be7 8. O-O
O-O 9. Re1 Qc7 10. Qf3 Bd7 11. Bg5 Nc6 12. Nxc6 Bxc6 13. Qh3 b5 14. a3 a5 15.
f3 a4 16. Ba2 Rfb8 17. Bd2 Bd7 18. Qg3 Qc5+ 19. Be3 Qh5 20. Ne2 Qg6 21. Qf2 h6
22. c3 Nh7 23. Rad1 Ng5 24. Kh1 Ra6 25. Nf4 Qf6 26. Qd2 Bd8 27. Bd4 e5 28. Nd5
Qg6 29. Nb4 Raa8 30. Bxe5 dxe5 31. Qxd7 Qh5 32. Rf1 Bb6 33. Nc6 Re8 34. Bd5 Be3
35. Qg4 Qxg4 36. fxg4 Rac8 37. h4 Ne6 38. Nxe5 Rc7 39. Nd3 g5 40. Rf3 Bb6 41.
h5 Nc5 42. Nxc5 Bxc5 43. Rdf1 Ree7 44. Rf6 Be3 45. Rxh6 Kg7 46. Rhf6 Bf4 1-0

[Event "I Weekend"]
[Site "Castelfidardo ITA"]
[Date "1997.12.07"]
[Round "3"]
[White "Giobbi, Costantino"]
[Black "Briffault, Philippe"]
[Result "1-0"]
[WhiteElo "1728"]
[BlackElo "1735"]
[PlyCount "103"]
[EventDate "1997.12.06"]

1. Nf3 Nf6 2. b3 g6 3. Bb2 Bg7 4. e3 O-O 5. Be2 d6 6. d4 Nc6 7. O-O e5 8. c4 e4
9. Nfd2 Re8 10. Nc3 h5 11. Qc2 Bf5 12. a3 Nxd4 13. exd4 e3 14. Bd3 Bxd3 15.
Qxd3 exd2 16. Qxd2 d5 17. Rfe1 Qd7 18. Qd3 Rad8 19. c5 c6 20. Rad1 Qg4 21. f3
Qh4 22. g3 Qh3 23. Qf1 Qf5 24. Qf2 g5 25. Bc1 g4 26. fxg4 Qxf2+ 27. Kxf2 Nxg4+
28. Kf1 Rxe1+ 29. Rxe1 Bxd4 30. Na4 Bf6 31. h3 Ne5 32. Bb2 Re8 33. Kg2 Re6 34.
Rf1 Bg7 35. Rf5 Ng6 36. Bxg7 Kxg7 37. Rxh5 Re3 38. Rg5 Rxb3 39. h4 Kf6 40. Rg4
Rxa3 41. Rb4 b5 42. cxb6 axb6 43. Nxb6 Ke5 44. h5 Nf8 45. Kh3 c5 46. Rb1 Rd3
47. Rf1 f5 48. h6 c4 49. Nd7+ Ke6 50. Nxf8+ Kf7 51. Rxf5+ Kg8 52. Rg5+ 1-0

[Event "I Weekend"]
[Site "Castelfidardo ITA"]
[Date "1997.12.07"]
[Round "3"]
[White "Miandro, Roberto"]
[Black "Rinaudo, Andrea"]
[Result "0-1"]
[WhiteElo "1726"]
[BlackElo "1624"]
[PlyCount "122"]
[EventDate "1997.12.06"]

1. c4 c5 2. Nf3 Nf6 3. Nc3 Nc6 4. g3 g6 5. Bg2 Bg7 6. d3 O-O 7. O-O d6 8. h3
Be6 9. e4 Rb8 10. Ng5 Bd7 11. f4 Qc8 12. Kh2 a6 13. a4 e6 14. Nf3 Qc7 15. Kh1
Rbd8 16. Qe1 Nb4 17. Qe2 Nh5 18. Kh2 Bc6 19. g4 Nf6 20. Kh1 Rfe8 21. Qd1 b6 22.
Qe2 Qb7 23. Ne1 Re7 24. Bf3 Ne8 25. Qg2 Bd4 26. g5 d5 27. cxd5 exd5 28. e5 Ng7
29. Qe2 Nf5 30. Kh2 b5 31. a5 Qc7 32. Kg2 Nh4+ 33. Kh1 Nf5 34. Kg2 Rde8 35. Qd1
Be3 36. Bg4 d4+ 37. Ne4 Bxc1 38. Qxc1 Ne3+ 39. Kf2 Bxe4 40. dxe4 Nxf1 41. Kxf1
c4 42. Qd2 Qc5 43. Rc1 Rd8 44. Kg2 Na2 45. Ra1 Qb4 46. Qf2 Qb3 47. Bd1 Qe3 48.
Rxa2 Qxe4+ 49. Kg3 d3 50. Bf3 Qf5 51. Ra1 d2 52. Ng2 Qc2 53. Ne3 Qxb2 54. Rd1
c3 55. Be4 Rd4 56. Bc2 Red7 57. Qf3 b4 58. Qa8+ Rd8 59. Qxa6 b3 60. Bxb3 Qxb3
61. Qf6 c2 0-1